[Event "Tournoi International de Chamalières"]
[Site "Chamalières"]
[Date "2009.10.26"]
[Round "4.2"]
[White "Robin, Samy"]
[Black "Mania, Clement"]
[Result "1-0"]
[WhiteElo "2350"]
[BlackElo "2066"]
[PlyCount "67"]
[EventDate "2009.??.??"]

1. e4 e5 2. Nf3 Nc6 3. Nc3 Bc5 4. Nxe5 Nxe5 5. d4 Bd6 6. dxe5 Bxe5 7. f4 Bxc3+
8. bxc3 Nf6 9. Bd3 d5 10. e5 Bg4 11. Qd2 Ne4 12. Qe3 Qh4+ 13. g3 Qh3 14. Bf1
Qh5 15. Bg2 O-O 16. Ba3 Rfe8 17. c4 c6 18. cxd5 cxd5 19. c4 Rac8 20. cxd5 Rc2
21. O-O Re2 22. Qd3 Bf5 23. Rfe1 Rd2 24. Qf3 (24. Qb3) 24... Qg6 (24... Bh3 25.
Qxe4 (25. Qxh5 Rxg2+ 26. Kh1 (26. Kf1 Nd2#) 26... Nf2#) 25... Rxg2+ 26. Qxg2
Bxg2 27. Kxg2 g5 $11) 25. g4 Rc8 (25... Bxg4 26. Qxe4 Bf5 27. Qf3 Rd3 28. Qf2
Rxa3) 26. gxf5 Qb6+ 27. Qe3 Rxg2+ 28. Kxg2 Rc2+ 29. Kg1 Nd2 30. Kh1 (30. Qxb6
Nf3+) 30... Qb5 31. Rad1 Qxd5+ 32. Qe4 Nf3 33. Qxc2 Nd2+ 34. Qe4 1-0

[Event "Tournoi International de Chamalières"]
[Site "Chamalières"]
[Date "2009.10.26"]
[Round "4.4"]
[White "Delort, Frederic"]
[Black "Ollier, Pablo"]
[Result "1/2-1/2"]
[WhiteElo "2202"]
[BlackElo "2248"]
[PlyCount "23"]
[EventDate "2009.??.??"]

1. d4 Nf6 2. c4 e6 3. Nf3 Bb4+ 4. Nbd2 d5 5. Qa4+ Nc6 6. a3 Bxd2+ 7. Bxd2 Ne4
8. Rd1 Qf6 9. e3 Bd7 10. Qc2 Qg6 11. b4 Ng5 12. Qxg6 1/2-1/2

[Event "Tournoi International de Chamalières"]
[Site "Chamalières"]
[Date "2009.10.26"]
[Round "4.5"]
[White "Guichard, Hugo"]
[Black "Gleizerov, Evgeny"]
[Result "0-1"]
[WhiteElo "1898"]
[BlackElo "2553"]
[PlyCount "54"]
[EventDate "2009.??.??"]

1. d4 e6 2. c4 f5 3. Nc3 Nf6 4. Bg5 Bb4 5. Qc2 O-O 6. e3 b6 7. Nf3 Bb7 8. Be2
Na6 9. O-O Bxc3 10. bxc3 c5 11. Rfc1 d6 12. a4 Nb8 13. Qb2 Nbd7 14. a5 Qc7 15.
axb6 Nxb6 16. Qa2 Ne4 17. Bf4 Kh8 18. Nd2 e5 19. Nxe4 Bxe4 20. dxe5 dxe5 21. f3
exf4 22. fxe4 fxe4 23. exf4 Qxf4 24. Rf1 Qe3+ 25. Kh1 h6 26. Qc2 Rxf1+ 27. Rxf1
Rd8 0-1

[Event "Tournoi International de Chamalières"]
[Site "Chamalières"]
[Date "2009.10.26"]
[Round "4.6"]
[White "Etchegaray, Patrice"]
[Black "Piat, Jerome"]
[Result "1-0"]
[WhiteElo "2380"]
[BlackElo "2167"]
[PlyCount "67"]
[EventDate "2009.??.??"]

1. e4 g6 2. d4 Bg7 3. Nf3 c5 4. c3 cxd4 5. cxd4 d5 6. e5 Bg4 7. Nc3 Nc6 8. Bb5
e6 9. h3 Bxf3 10. Qxf3 Qb6 11. Be3 Nge7 12. O-O O-O 13. Rfd1 f6 14. exf6 Bxf6
15. Qg4 Nf5 16. Bxc6 Qxc6 17. Rac1 Qd7 18. b3 Rac8 19. Ne2 Rxc1 20. Bxc1 Rc8
21. Bg5 Bg7 22. Ng3 Qf7 23. Nxf5 Qxf5 24. Rd2 Kf7 25. Qg3 e5 26. Be3 Rc3 27.
Qh4 h5 28. dxe5 Qxe5 29. Rd1 Qf5 30. Qd8 d4 31. Bxd4 Bxd4 32. Qxd4 Rc2 33. Qxa7
Qb5 34. Qd4 1-0

[Event "Tournoi International de Chamalières"]
[Site "Chamalières"]
[Date "2009.10.26"]
[Round "4.7"]
[White "Rouler, Charly"]
[Black "Lageyre, Pascal"]
[Result "1-0"]
[WhiteElo "2302"]
[BlackElo "1933"]
[PlyCount "61"]
[EventDate "2009.??.??"]

1. c4 c6 2. e4 d5 3. exd5 cxd5 4. d4 Nf6 5. Nc3 Nc6 6. Nf3 e6 7. Bd3 Be7 8. O-O
Nb4 9. Be2 O-O 10. a3 Nc6 11. Re1 a6 12. c5 Ne4 13. Na4 Bf6 14. Nb6 Ra7 15. Be3
Re8 16. Rb1 Bd7 17. Qc2 e5 18. dxe5 Nxe5 19. Nxe5 Bxe5 20. Nxd7 Qxd7 21. c6
bxc6 22. Bxa7 Qxa7 23. Bd3 Nxf2 24. Qxf2 Qc7 25. Qh4 g6 26. Kh1 Kg7 27. Bxa6
Qa5 28. Bf1 Qd2 29. Re2 Qd3 30. Rbe1 Bf6 31. Rxe8 1-0

[Event "Tournoi International de Chamalières"]
[Site "Chamalières"]
[Date "2009.10.26"]
[Round "4.8"]
[White "Sanchez, Nicolas"]
[Black "Rougeron, Jean-Philippe"]
[Result "1-0"]
[WhiteElo "2159"]
[BlackElo "1882"]
[PlyCount "67"]
[EventDate "2009.??.??"]

1. d4 g6 2. c4 d6 3. Nc3 Bg7 4. e4 Nf6 5. Nf3 O-O 6. Be2 Nc6 7. O-O Bg4 8. d5
Bxf3 9. Bxf3 Ne5 10. Be2 c5 11. Be3 Qc7 12. f4 Ned7 13. Bf3 a6 14. Re1 Rab8 15.
a4 Rfe8 16. Bf2 Rbd8 17. g4 h6 18. h4 e5 19. dxe6 fxe6 20. g5 hxg5 21. hxg5 Nh7
22. Qd2 Nb8 23. f5 gxf5 24. exf5 Bxc3 25. bxc3 exf5 26. Qd5+ Kg7 27. Bh4 Re5
28. Rxe5 dxe5 29. Qe6 e4 30. Qh6+ Kh8 31. g6 Rd6 32. Bg3 Rd1+ 33. Rxd1 Qxg3+
34. Bg2 1-0

[Event "Tournoi International de Chamalières"]
[Site "Chamalières"]
[Date "2009.10.26"]
[Round "4.9"]
[White "Saunders, Mark"]
[Black "Flear, Christine"]
[Result "1/2-1/2"]
[WhiteElo "1849"]
[BlackElo "2148"]
[PlyCount "62"]
[EventDate "2009.??.??"]

1. e4 c5 2. d4 cxd4 3. c3 Nf6 4. e5 Nd5 5. cxd4 e6 6. Nc3 Nxc3 7. bxc3 d6 8. f4
dxe5 9. Bb5+ Bd7 10. Bxd7+ Nxd7 11. fxe5 Qh4+ 12. Kf1 Rc8 13. Qf3 Rc7 14. Rb1
Nb6 15. Ne2 Qd8 16. Kf2 Be7 17. Qg4 Kf8 18. Rf1 h5 19. Qf3 Qd5 20. Kg1 Qxf3 21.
Rxf3 g5 22. Bd2 Nc4 23. Bc1 b6 24. Ng3 g4 25. Rf1 Kg7 26. Ne4 Kg6 27. Rf2 Rf8
28. h3 f5 29. exf6 Bxf6 30. hxg4 hxg4 31. Rf4 Rcf7 1/2-1/2

[Event "Tournoi International de Chamalières"]
[Site "Chamalières"]
[Date "2009.10.26"]
[Round "4.10"]
[White "Blanc, Sebastien"]
[Black "Rabier, Jean"]
[Result "1/2-1/2"]
[WhiteElo "2131"]
[BlackElo "1874"]
[PlyCount "62"]
[EventDate "2009.??.??"]

1. d4 b6 2. e4 Bb7 3. Bd3 e6 4. Qe2 Ne7 5. Nf3 d6 6. c3 Nd7 7. Nbd2 Ng6 8. Nf1
Be7 9. Ng3 h5 10. h4 Nxh4 11. Nxh4 Bxh4 12. Nf1 g6 13. Bd2 e5 14. dxe5 Nxe5 15.
Bb5+ c6 16. g3 Bf6 17. Ba6 Bxa6 18. Qxa6 Qc7 19. O-O-O b5 20. Bf4 Rd8 21. Bxe5
dxe5 22. Rxd8+ Kxd8 23. Kc2 Ke7 24. Nd2 Rb8 25. Qa3+ c5 26. Nb3 b4 27. Qa6 bxc3
28. Kxc3 Qb6 29. Qc4 Qb4+ 30. Qxb4 cxb4+ 31. Kc4 Rc8+ 1/2-1/2

[Event "Tournoi International de Chamalières"]
[Site "Chamalières"]
[Date "2009.10.27"]
[Round "5.1"]
[White "Gleizerov, Evgeny"]
[Black "Robin, Samy"]
[Result "1-0"]
[WhiteElo "2553"]
[BlackElo "2350"]
[PlyCount "67"]
[EventDate "2009.??.??"]

1. d4 Nf6 2. c4 g6 3. Nc3 Bg7 4. e4 d6 5. Nf3 O-O 6. Be2 e5 7. O-O Nc6 8. d5
Ne7 9. Nd2 Ne8 10. b4 f5 11. c5 Nf6 12. f3 f4 13. Nc4 g5 14. a4 Ng6 15. cxd6
cxd6 16. Nb5 Ne8 17. Bd2 h5 18. Be1 a6 19. Nc3 Nf6 20. a5 g4 21. Nb6 Rb8 22.
Nxc8 Qxc8 23. Rc1 Qd7 24. Na4 g3 25. h3 Nh7 26. Nb6 Qd8 27. b5 Qh4 28. bxa6 Ng5
29. Bb5 Nxh3+ 30. gxh3 Qxh3 31. Qe2 Rf5 32. Bd7 Rbf8 33. Bxf5 Rxf5 34. Qg2 1-0

[Event "Tournoi International de Chamalières"]
[Site "Chamalières"]
[Date "2009.10.27"]
[Round "5.2"]
[White "Ollier, Pablo"]
[Black "Serafimov, Tervel"]
[Result "1/2-1/2"]
[WhiteElo "2248"]
[BlackElo "2410"]
[PlyCount "52"]
[EventDate "2009.??.??"]

1. d4 g6 2. c4 Bg7 3. Nc3 d6 4. Nf3 Nf6 5. e4 O-O 6. Be2 c6 7. O-O a6 8. e5
dxe5 9. Nxe5 Nfd7 10. Nf3 e5 11. dxe5 Nxe5 12. Qxd8 Rxd8 13. Bf4 Nxf3+ 14. Bxf3
Be6 15. Rad1 Nd7 16. Rfe1 Nc5 17. Bd6 Bxc3 18. bxc3 Na4 19. Be5 Nb2 20. Rxd8+
Rxd8 21. Rb1 Nxc4 22. Bf6 Nd2 23. Rxb7 Nxf3+ 24. gxf3 Re8 25. Kg2 Bxa2 26. Rb6
Bd5 1/2-1/2

[Event "Tournoi International de Chamalières"]
[Site "Chamalières"]
[Date "2009.10.27"]
[Round "5.3"]
[White "Claverie, Christophe"]
[Black "Delort, Frederic"]
[Result "1/2-1/2"]
[WhiteElo "2343"]
[BlackElo "2202"]
[PlyCount "114"]
[EventDate "2009.??.??"]

1. Nf3 d5 2. g3 c6 3. Bg2 Bg4 4. O-O Nd7 5. d3 e6 6. Nbd2 Bd6 7. e4 Ne7 8. b3
Be5 9. Rb1 Qa5 10. a3 g6 11. h3 Bxf3 12. Nxf3 Bg7 13. Qe2 O-O 14. c4 dxe4 15.
dxe4 c5 16. b4 Qc7 17. Be3 cxb4 18. axb4 a5 19. bxa5 Rxa5 20. Rb5 Rfa8 21. Rfb1
Ra1 22. Kh2 Rxb1 23. Rxb1 Rc8 24. Rb5 Nc6 25. Qa2 e5 26. Qa1 Nf8 27. Qb2 Nd4
28. Nxd4 exd4 29. Bxd4 Bxd4 30. Qxd4 Qxc4 31. Qxc4 Rxc4 32. Rxb7 Ne6 33. Rb2 g5
34. Rb5 Kg7 35. Rf5 Kg6 36. h4 gxh4 37. gxh4 Rc5 38. Bh3 Kg7 39. e5 h6 40. Bg4
Ra5 41. Bh5 Ra7 42. Rf6 Re7 43. Kg3 Nc5 44. Rf5 Nd7 45. f4 f6 46. exf6+ Nxf6
47. Bf3 Ra7 48. h5 Ra3 49. Re5 Kf7 50. Rb5 Kg7 51. Rb7+ Kf8 52. Rb5 Kg7 53. Re5
Kf7 54. Kf2 Ra2+ 55. Ke1 Ra4 56. f5 Rh4 57. Kf2 Nxh5 1/2-1/2

[Event "Tournoi International de Chamalières"]
[Site "Chamalières"]
[Date "2009.10.27"]
[Round "5.4"]
[White "Serafimov, Dimitar"]
[Black "Brethes, Francois"]
[Result "1-0"]
[WhiteElo "2210"]
[BlackElo "2237"]
[PlyCount "79"]
[EventDate "2009.??.??"]

1. c4 e6 2. Nf3 d5 3. g3 Nf6 4. Bg2 dxc4 5. O-O a6 6. Qc2 b5 7. b3 cxb3 8. axb3
Bb7 9. Bb2 Be7 10. d4 O-O 11. Rc1 Nc6 12. Nbd2 Rc8 13. Ne4 Nb4 14. Nxf6+ Bxf6
15. Qc5 Be7 16. Qc3 Nd5 17. Qd2 c5 18. Ne5 f6 19. Nd3 c4 20. bxc4 Rxc4 21. Rxc4
bxc4 22. Nc5 Bxc5 23. dxc5 Qc8 24. Qd4 Nc7 25. c6 Ba8 26. Qxc4 Rd8 27. h4 Nd5
28. Rxa6 Rd6 29. Ra7 Rxc6 30. Qg4 Bb7 31. e4 h5 32. Qxh5 Rc2 33. Rxb7 Qxb7 34.
Qe8+ Kh7 35. exd5 Rxb2 36. dxe6 Qb4 37. Qh5+ Kg8 38. Qf7+ Kh7 39. Qh5+ Kg8 40.
e7 1-0

[Event "Tournoi International de Chamalières"]
[Site "Chamalières"]
[Date "2009.10.27"]
[Round "5.5"]
[White "Mania, Clement"]
[Black "Etchegaray, Patrice"]
[Result "1/2-1/2"]
[WhiteElo "2066"]
[BlackElo "2380"]
[PlyCount "81"]
[EventDate "2009.??.??"]

1. f4 d5 2. Nf3 g6 3. g3 Bg7 4. Bg2 Nf6 5. O-O O-O 6. d3 d4 7. c3 dxc3 8. bxc3
c5 9. e4 Nc6 10. Be3 c4 11. dxc4 Nxe4 12. Ne5 f5 13. Nxc6 bxc6 14. Qc2 Qc7 15.
Bxe4 fxe4 16. Nd2 Bf5 17. Nxe4 e5 18. c5 Kh8 19. Qa4 Bh3 20. Rfe1 Rab8 21. Ng5
Bf5 22. fxe5 h6 23. Qh4 Qe7 24. Nf3 Qxh4 25. Nxh4 Bxe5 26. Bxh6 Bxc3 27. Bxf8
Rxf8 28. Rac1 Bxe1 29. Rxe1 Rd8 30. Nxf5 gxf5 31. Kf2 Rd5 32. Re8+ Kg7 33. Re7+
Kf6 34. Rxa7 Rxc5 35. a4 Rc2+ 36. Kg1 Ra2 37. Rc7 Rxa4 38. Rxc6+ Kg5 39. Kg2
Ra2+ 40. Kh3 Rb2 41. Rc8 1/2-1/2

[Event "Tournoi International de Chamalières"]
[Site "Chamalières"]
[Date "2009.10.27"]
[Round "5.6"]
[White "Bertin, Jean-Loup"]
[Black "Rouler, Charly"]
[Result "0-1"]
[WhiteElo "1995"]
[BlackElo "2302"]
[PlyCount "104"]
[EventDate "2009.??.??"]

1. d4 Nf6 2. c4 g6 3. Nc3 Bg7 4. e4 d6 5. h3 O-O 6. Nf3 c5 7. d5 b5 8. cxb5 a6
9. a4 Nbd7 10. Be2 axb5 11. Bxb5 Ba6 12. Qc2 Qa5 13. O-O Rfb8 14. Bd2 Qd8 15.
Rfe1 Ne8 16. Bxa6 Rxa6 17. Nb5 Nc7 18. Nxc7 Qxc7 19. Bc3 Qa7 20. Bxg7 Kxg7 21.
Qc3+ f6 22. b3 Qb6 23. Re3 Qb4 24. Nd2 Ra7 25. a5 Qxc3 26. Rxc3 Rb5 27. Nc4 Ne5
28. a6 Nd7 29. Nd2 Nb8 30. Rc4 Rxa6 31. Rca4 Rab6 32. Ra7 Rb7 33. Kf1 Nd7 34.
Ke2 f5 35. R1a5 fxe4 36. Rxb5 Rxa7 37. Nxe4 Ra2+ 38. Ke3 Nf6 39. Nc3 Rc2 40.
Ne4 Nxe4 41. Kxe4 Rxf2 42. g3 Rd2 43. Rb7 Kf6 44. Rb8 Rd4+ 45. Ke3 Rxd5 46. b4
cxb4 47. Rxb4 Ra5 48. Rf4+ Kg7 49. Rb4 Ra3+ 50. Kf4 e5+ 51. Kg4 h5+ 52. Kh4 Kh6
0-1

[Event "Tournoi International de Chamalières"]
[Site "Chamalières"]
[Date "2009.10.27"]
[Round "5.7"]
[White "Nord, Antoine"]
[Black "Sanchez, Nicolas"]
[Result "1-0"]
[WhiteElo "1939"]
[BlackElo "2159"]
[PlyCount "97"]
[EventDate "2009.??.??"]

1. e4 c5 2. Nf3 d6 3. Bb5+ Bd7 4. Bxd7+ Qxd7 5. c4 Nf6 6. Nc3 g6 7. d4 cxd4 8.
Nxd4 Bg7 9. O-O O-O 10. f3 Rc8 11. b3 d5 12. exd5 Nxd5 13. Nxd5 e6 14. Bh6 Bh8
15. Nxe6 fxe6 16. Ne3 Bxa1 17. Qxa1 Nc6 18. Rd1 Qf7 19. Ng4 Rd8 20. Rxd8+ Rxd8
21. Bg5 Qg7 22. Qxg7+ Kxg7 23. Bxd8 Nxd8 24. Kf2 Nc6 25. Ke3 h5 26. Nf2 Nb4 27.
a4 Nc6 28. Nd3 Na5 29. Nc1 Nc6 30. Kd3 Kf6 31. Kc3 Kf5 32. Nd3 h4 33. b4 e5 34.
b5 Nd8 35. c5 e4 36. fxe4+ Kxe4 37. Nb4 Ke3 38. c6 bxc6 39. Nxc6 Nb7 40. Nxa7
Kf2 41. Nc6 Kxg2 42. a5 Nd6 43. b6 Kxh2 44. a6 h3 45. a7 Kg1 46. a8=Q h2 47.
Qa1+ Kg2 48. Qb2+ Kg3 49. Qb1 1-0

[Event "Tournoi International de Chamalières"]
[Site "Chamalières"]
[Date "2009.10.27"]
[Round "5.8"]
[White "Piat, Jerome"]
[Black "Thomas, Fabien"]
[Result "1-0"]
[WhiteElo "2167"]
[BlackElo "1978"]
[PlyCount "45"]
[EventDate "2009.??.??"]

1. e4 c5 2. Nf3 d6 3. d4 cxd4 4. Nxd4 Nf6 5. Nc3 a6 6. f4 Qc7 7. Be2 g6 8. O-O
Bg7 9. Kh1 O-O 10. a4 Nc6 11. Be3 Ng4 12. Bg1 Nxd4 13. Bxd4 Bxd4 14. Qxd4 e5
15. Qd2 Qc5 16. Bxg4 Bxg4 17. f5 f6 18. h3 Kg7 19. hxg4 g5 20. Qd5 Qb6 21. Ra3
Rf7 22. Rb3 Qa5 23. Qxd6 1-0

[Event "Tournoi International de Chamalières"]
[Site "Chamalières"]
[Date "2009.10.27"]
[Round "5.9"]
[White "Flear, Christine"]
[Black "Joli, Laurent"]
[Result "1/2-1/2"]
[WhiteElo "2148"]
[BlackElo "1907"]
[PlyCount "85"]
[EventDate "2009.??.??"]

1. d4 g6 2. c4 Nf6 3. Nc3 d5 4. Bg5 Ne4 5. Qc1 Nxc3 6. bxc3 h6 7. Bf4 Bg7 8.
cxd5 Qxd5 9. Bxc7 Be6 10. Bxb8 Rxb8 11. Qa3 Qc6 12. e3 Rc8 13. Rc1 Bd5 14. f3
O-O 15. Kf2 e5 16. Ne2 f5 17. f4 exf4 18. Nxf4 Bf7 19. Bd3 g5 20. Ne2 Bd5 21.
c4 Be4 22. d5 Qe8 23. Bxe4 fxe4+ 24. Ke1 Qf7 25. Kd2 Qf2 26. Rhg1 Qf6 27. Rc2
Qe5 28. Ke1 Qxh2 29. c5 Be5 30. d6 Bg3+ 31. Nxg3 Qxg1+ 32. Kd2 Rf2+ 33. Ne2 Qf1
34. Qb3+ Kf8 35. Qc4 Rxc5 36. Qxc5 Rxe2+ 37. Kc3 Qa1+ 38. Kb3 Qb1+ 39. Ka3 Qxc2
40. Qf5+ Kg7 41. Qe5+ Kg6 42. Qe6+ Kh5 43. Qh3+ 1/2-1/2

[Event "Tournoi International de Chamalières"]
[Site "Chamalières"]
[Date "2009.10.27"]
[Round "5.10"]
[White "Guichard, Hugo"]
[Black "Blanc, Sebastien"]
[Result "0-1"]
[WhiteElo "1898"]
[BlackElo "2131"]
[PlyCount "72"]
[EventDate "2009.??.??"]

1. d4 e6 2. c4 c5 3. Nf3 cxd4 4. Nxd4 Nf6 5. Nc3 Bc5 6. Nb3 Be7 7. e4 d6 8. Be3
O-O 9. Be2 a6 10. O-O Nbd7 11. f3 Qc7 12. Rc1 b6 13. Nd4 Bb7 14. Qd2 Rac8 15.
Rfd1 Rfe8 16. Kh1 Qb8 17. Nc2 Red8 18. b3 Nc5 19. Qe1 Qa8 20. Qf2 a5 21. Bxc5
bxc5 22. Ne3 Ne8 23. Rd2 Bc6 24. Rcd1 a4 25. Rb1 Rb8 26. Nb5 Qa5 27. Rdb2 Bf6
28. b4 Qb6 29. Rc2 cxb4 30. Rxb4 Qc5 31. Rxa4 Bd4 32. Nxd4 Rb1+ 33. Bd1 Bxa4
34. Rd2 Bxd1 35. Nxd1 e5 36. Qh4 Qa5 0-1

[Event "Tournoi International de Chamalières"]
[Site "Chamalières"]
[Date "2009.10.28"]
[Round "6.1"]
[White "Serafimov, Dimitar"]
[Black "Gleizerov, Evgeny"]
[Result "0-1"]
[WhiteElo "2210"]
[BlackElo "2553"]
[PlyCount "120"]
[EventDate "2009.??.??"]

1. c4 e5 2. Nc3 Nc6 3. g3 g6 4. Bg2 Bg7 5. e3 Nf6 6. Nge2 O-O 7. O-O Re8 8. d3
d6 9. Rb1 Be6 10. Nd5 Qd7 11. Re1 h5 12. h4 Nd8 13. e4 c6 14. Nxf6+ Bxf6 15.
Nc3 Bh3 16. Qf3 Be7 17. Bxh3 Qxh3 18. Qg2 Qd7 19. Be3 Ne6 20. Rbd1 Bd8 21. d4
exd4 22. Bxd4 Nxd4 23. Rxd4 Qe6 24. Red1 Be7 25. b3 Rad8 26. f3 a6 27. Ne2 b5
28. Nf4 Qe5 29. Qd2 d5 30. cxd5 Bc5 31. Kg2 Bxd4 32. Qxd4 Qxd4 33. Rxd4 cxd5
34. exd5 Kg7 35. Kf2 Rc8 36. Rd2 Rc3 37. Ne2 Rc5 38. Nf4 b4 39. Ne2 a5 40. Nf4
Kf8 41. Ng2 Rc3 42. d6 Rd8 43. Ne3 a4 44. bxa4 Rc6 45. Rb2 Rdxd6 46. Ke2 Rc3
47. Nd1 Re6+ 48. Kf2 Rd3 49. Rb1 Rd2+ 50. Kf1 Ree2 51. Rxb4 Rh2 52. Kg1 Rdg2+
53. Kf1 Rxa2 54. Kg1 Rhd2 55. Rb1 Rg2+ 56. Kf1 Rxg3 57. Rb3 Rxa4 58. Kf2 Rh3
59. Nc3 Raxh4 60. Ne4 Rxe4 0-1

[Event "Tournoi International de Chamalières"]
[Site "Chamalières"]
[Date "2009.10.28"]
[Round "6.2"]
[White "Serafimov, Tervel"]
[Black "Nord, Antoine"]
[Result "1-0"]
[WhiteElo "2410"]
[BlackElo "1939"]
[PlyCount "79"]
[EventDate "2009.??.??"]

1. c4 e5 2. Nc3 Nf6 3. g3 Bc5 4. Bg2 Nc6 5. a3 a5 6. e3 O-O 7. Nge2 d6 8. O-O
Ba7 9. d3 Bd7 10. h3 Qc8 11. Kh2 Ne7 12. e4 Ne8 13. d4 exd4 14. Nxd4 f5 15.
exf5 Nxf5 16. Nxf5 Rxf5 17. Nd5 Qd8 18. Ne3 Bxe3 19. Bxe3 Bc6 20. Bxc6 bxc6 21.
Bd4 c5 22. Bc3 a4 23. f4 Rf8 24. Qf3 Nf6 25. Rae1 Rb8 26. Re2 Qd7 27. g4 Qf7
28. g5 Nd7 29. f5 Rbe8 30. f6 Rxe2+ 31. Qxe2 Re8 32. Qg2 Ne5 33. fxg7 Qxg7 34.
Rf6 Qe7 35. h4 Rf8 36. Qd5+ Kg7 37. Re6 Rf2+ 38. Kg1 Qf7 39. Bxe5+ dxe5 40.
Qxe5+ 1-0

[Event "Tournoi International de Chamalières"]
[Site "Chamalières"]
[Date "2009.10.28"]
[Round "6.3"]
[White "Robin, Samy"]
[Black "Ollier, Pablo"]
[Result "1/2-1/2"]
[WhiteElo "2350"]
[BlackElo "2248"]
[PlyCount "45"]
[EventDate "2009.??.??"]

1. e4 e6 2. d4 d5 3. Nd2 Nf6 4. e5 Nfd7 5. Bd3 c5 6. c3 Nc6 7. Ne2 cxd4 8. cxd4
f6 9. Nf4 Nxd4 10. Qh5+ Ke7 11. Ng6+ hxg6 12. exf6+ Nxf6 13. Qxh8 Kf7 14. O-O
e5 15. Nb3 Nxb3 16. axb3 Bf5 17. Bxf5 gxf5 18. Bg5 Bc5 19. Qh3 Qd7 20. b4 Bb6
21. Qb3 Qe6 22. Bxf6 Kxf6 23. Ra3 1/2-1/2

[Event "Tournoi International de Chamalières"]
[Site "Chamalières"]
[Date "2009.10.28"]
[Round "6.4"]
[White "Rouler, Charly"]
[Black "Claverie, Christophe"]
[Result "1/2-1/2"]
[WhiteElo "2302"]
[BlackElo "2343"]
[PlyCount "30"]
[EventDate "2009.??.??"]

1. Nf3 Nf6 2. c4 g6 3. g3 Bg7 4. Bg2 O-O 5. O-O d6 6. d4 Nc6 7. Nc3 a6 8. d5
Na5 9. b3 c5 10. dxc6 Nxc6 11. Bb2 Qa5 12. Nd5 Nxd5 13. Bxg7 Nc3 14. Bxc3 Qxc3
15. Rc1 Qf6 1/2-1/2

[Event "Tournoi International de Chamalières"]
[Site "Chamalières"]
[Date "2009.10.28"]
[Round "6.5"]
[White "Delort, Frederic"]
[Black "Ollier, Milan"]
[Result "1-0"]
[WhiteElo "2202"]
[BlackElo "2089"]
[PlyCount "47"]
[EventDate "2009.??.??"]

1. d4 Nf6 2. c4 g6 3. Nc3 d5 4. cxd5 Nxd5 5. e4 Nxc3 6. bxc3 Bg7 7. Bb5+ c6 8.
Ba4 b5 9. Bb3 b4 10. Qf3 O-O 11. Ne2 bxc3 12. h4 Ba6 13. h5 Bxe2 14. Kxe2 Qxd4
15. hxg6 hxg6 16. Qh3 Qxe4+ 17. Kf1 g5 18. Bxg5 Rd8 19. Re1 Qd3+ 20. Qxd3 Rxd3
21. Rxe7 Na6 22. Rxf7 Rd1+ 23. Ke2 Rxh1 24. Rxa7+ 1-0

[Event "Tournoi International de Chamalières"]
[Site "Chamalières"]
[Date "2009.10.28"]
[Round "6.6"]
[White "Vidal, Llewellyn"]
[Black "Etchegaray, Patrice"]
[Result "0-1"]
[WhiteElo "2005"]
[BlackElo "2380"]
[PlyCount "80"]
[EventDate "2009.??.??"]

1. f4 d5 2. e3 g6 3. Nf3 Bg7 4. d4 Nh6 5. Bd3 O-O 6. O-O c5 7. c3 Qc7 8. Kh1 b6
9. Qe2 Bf5 10. Ne5 f6 11. Bxf5 Nxf5 12. Nf3 Nd6 13. Nbd2 Qb7 14. b3 Nd7 15. Bb2
Rae8 16. c4 e6 17. Rac1 Ne4 18. Rfd1 Rf7 19. Kg1 Bh6 20. Nxe4 dxe4 21. Nd2 cxd4
22. Bxd4 e5 23. fxe5 fxe5 24. Ba1 Nc5 25. Rf1 Rd7 26. Rfd1 Rd3 27. Nf1 a5 28.
Bb2 Qd7 29. Ba3 Rd8 30. Re1 Bf8 31. Bb2 Qe6 32. Rc2 Na6 33. Bc3 h6 34. Ng3 Rxe3
35. Qf2 Rxe1+ 36. Qxe1 e3 37. Ne4 Qf5 38. Qxe3 Rd1+ 39. Be1 Nc5 40. Re2 Nxe4
0-1

[Event "Tournoi International de Chamalières"]
[Site "Chamalières"]
[Date "2009.10.28"]
[Round "6.7"]
[White "Brethes, Francois"]
[Black "Mania, Clement"]
[Result "0-1"]
[WhiteElo "2237"]
[BlackElo "2066"]
[PlyCount "62"]
[EventDate "2009.??.??"]

1. d4 f5 2. Nf3 d6 3. g3 Nf6 4. Bg2 g6 5. O-O Bg7 6. Nc3 O-O 7. Qd3 Kh8 8. Bg5
Nc6 9. Rad1 h6 10. Bc1 Bd7 11. Nh4 Qe8 12. e4 fxe4 13. Nxe4 g5 14. Nxg5 hxg5
15. Ng6+ Kg8 16. Nxf8 Kxf8 17. Bxg5 Qh5 18. Bh4 e5 19. c3 Re8 20. Bxf6 Bxf6 21.
d5 e4 22. Qd2 Ne5 23. Qf4 Kg7 24. h3 Bxh3 25. Qxe4 Bxg2 26. Kxg2 Ng4 27. Qa4
Qh2+ 28. Kf3 Ne5+ 29. Ke2 Nd7+ 30. Kd2 Bg5+ 31. Kc2 Qh7+ 0-1

[Event "Tournoi International de Chamalières"]
[Site "Chamalières"]
[Date "2009.10.28"]
[Round "6.8"]
[White "Julien, Clement"]
[Black "Piat, Jerome"]
[Result "0-1"]
[WhiteElo "1817"]
[BlackElo "2167"]
[PlyCount "52"]
[EventDate "2009.??.??"]

1. e4 g6 2. d4 Bg7 3. c4 c5 4. d5 d6 5. Nf3 Nf6 6. Nc3 Bg4 7. Be2 O-O 8. h3
Bxf3 9. Bxf3 Nbd7 10. Bf4 a6 11. O-O Ne8 12. Qe2 Nc7 13. a4 Rb8 14. Rab1 Ne5
15. b3 e6 16. Nd1 b5 17. axb5 axb5 18. Ne3 Re8 19. Qd2 Nxf3+ 20. gxf3 exd5 21.
Nxd5 Ne6 22. Bxd6 Nd4 23. Ne7+ Kh8 24. Kg2 Qxd6 25. Nd5 b4 26. Ne3 Qf4 0-1

[Event "Tournoi International de Chamalières"]
[Site "Chamalières"]
[Date "2009.10.28"]
[Round "6.9"]
[White "Blanc, Sebastien"]
[Black "Valente, Alexandre"]
[Result "1-0"]
[WhiteElo "2131"]
[BlackElo "1835"]
[PlyCount "109"]
[EventDate "2009.??.??"]

1. e4 c5 2. Nc3 a6 3. Nf3 d6 4. d4 cxd4 5. Nxd4 Nf6 6. Bg5 e6 7. Qf3 Be7 8.
O-O-O Qc7 9. Kb1 Nbd7 10. Bd3 b5 11. Qe2 Nc5 12. Bxf6 gxf6 13. Rhe1 Bb7 14. Qh5
b4 15. Nce2 Rc8 16. Nf4 Kf8 17. Qh6+ Ke8 18. Qg7 Rf8 19. Nh5 e5 20. Nf5 Bxe4
21. Bxe4 Nxe4 22. f3 Qxc2+ 23. Ka1 Nc3 24. Rxd6 Na4 25. Rb1 Qxf5 26. Nxf6+ Bxf6
27. Rxf6 Qd3 28. Qg4 Rc4 29. Qh5 Qd5 30. Rxa6 Nc5 31. Ra7 Nd3 32. Qf5 Nxb2 33.
Qf6 Qc5 34. Ra8+ Kd7 35. Rxf8 Qxf8 36. Qxe5 Qc8 37. Qxb2 Qc5 38. Rd1+ Kc7 39.
Qd2 Qc6 40. Qd8+ Kb7 41. Qd7+ Kb6 42. Qxc6+ Kxc6 43. Kb2 Rc3 44. Rc1 Rxc1 45.
Kxc1 Kc5 46. Kb2 Kc4 47. g4 h6 48. Kc2 f6 49. Kb2 Kd4 50. Kb3 Kc5 51. f4 Kd4
52. h4 Ke4 53. g5 hxg5 54. hxg5 fxg5 55. fxg5 1-0

[Event "Tournoi International de Chamalières"]
[Site "Chamalières"]
[Date "2009.10.28"]
[Round "6.10"]
[White "Marie, Adrien"]
[Black "Naudion, Gregoire"]
[Result "1/2-1/2"]
[WhiteElo "2074"]
[BlackElo "1957"]
[PlyCount "49"]
[EventDate "2009.??.??"]

1. e4 g6 2. d4 Bg7 3. c3 c6 4. f4 d5 5. e5 Nh6 6. Nf3 f6 7. Bd3 O-O 8. O-O Bg4
9. h3 Bxf3 10. Rxf3 fxe5 11. fxe5 e6 12. Be3 c5 13. Nd2 Nc6 14. Rxf8+ Bxf8 15.
Nf3 cxd4 16. cxd4 Qb6 17. Qd2 Nf7 18. h4 Qb4 19. Qc2 Bh6 20. Bf2 Qf8 21. h5 Nb4
22. Qe2 Nxd3 23. hxg6 Nf4 24. gxf7+ Qxf7 25. Qc2 1/2-1/2

[Event "Tournoi International de Chamalières"]
[Site "Chamalières"]
[Date "2009.10.28"]
[Round "7.2"]
[White "Etchegaray, Patrice"]
[Black "Serafimov, Tervel"]
[Result "0-1"]
[WhiteElo "2380"]
[BlackElo "2410"]
[PlyCount "62"]
[EventDate "2009.??.??"]

1. e4 c6 2. d4 d5 3. exd5 cxd5 4. c4 Nf6 5. Nc3 Be6 6. Nge2 dxc4 7. Nf4 Bg4 8.
f3 Bd7 9. Bxc4 e6 10. d5 e5 11. Nd3 Bd6 12. Bg5 Bf5 13. Nf2 O-O 14. Bd3 Bxd3
15. Qxd3 Nbd7 16. Nfe4 Nc5 17. Qe3 Ncxe4 18. fxe4 Ng4 19. Qd2 f6 20. Qe2 fxg5
21. Qxg4 Bb4 22. Qe6+ Kh8 23. Rf1 Qc7 24. Kd2 Qc4 25. Rf3 Qd4+ 26. Kc2 Bxc3 27.
bxc3 Qxe4+ 28. Kb3 Rfe8 29. Qf7 h6 30. d6 b5 31. Rd1 Qa4+ 0-1